Responses for Show #1333 - Wednesday, May 23, 1990

Richard Neale game 2.

Contestants

[<< previous game]

Kent Rasmussen, an editor and writer originally from Berkeley, California

Barbara Murray, a chief operations officer from Cardiff, California

Richard Neale, a taxpayer service representative from Concord, California (whose 1-day cash winnings total $10,000)

Jeopardy! Round responses

HOLIDAYS & OBSERVANCES
QUEBEC
BROADWAY LYRICS
TOYS & GAMES
THE CRUSADES
NAME'S THE SAME
    $100 12
Columbus Day

Barbara
    $100 1
France

Barbara
    $100 11
"Edelweiss"

Richard
    $100 4
Pinball

Richard
    $100 7
Saracens//Muslims

Kent
    $100 8
James Bond

Richard
    $200 18
Plymouth

Richard
    $200 2
Quebec City

Richard
    $200 21
Johnny One Note

Richard
    $200 10
Scrabble

Richard
    $200 9
(K: Who is Richard II?)

Richard I (Richard the Lionhearted)

Kent
Triple Stumper
    $200 14
James Stewart

Kent
    $300 19
(B: What are March & April?)

February & March

RichardBarbara
    $300 3
Winter Carnival

Barbara
    $300 22
(We have a minute to go, Richard...)

Head

Triple Stumper
    $300 13
12

Kent
    $300 25
Knights Templar

Barbara
    $300 15
Salsa

Richard
    $400 20
Florence Nightingale

Kent
    $400 5
Provincial/State Police

Richard
    $400 23
Glocca Morra

Richard
    $400 26
Constantinople

Richard
    $400 16
Harrison Ford

Kent
    $500 6
(R: Who is Joliet?)

Jacques Cartier

Richard
Triple Stumper
    $500 24
(R: Who is Plain Bill?)

My Bill

Richard
Triple Stumper
    $500 27
[The end-of-round signal sounds.]

Peter the Hermit

Richard
    $500 17
Springfield

Kent

Scores at the first commercial break (after clue 13):

Richard Barbara Kent
$600 $500 $200

Scores at the end of the Jeopardy! Round:

Richard Barbara Kent
$2,400 $500 $1,700

Double Jeopardy! Round responses

1960
CLASSICAL MUSIC
THE HUMAN BODY
LITERATURE
WORLD CAPITALS
BETTE DAVIS
    $200 20
Franz Schubert

Richard
    $200 1
Canines

Richard
    $200 14
The Prairie

Richard
    $200 6
Caracas

Richard
    $200 11
AMPAS (Academy of Motion Picture Arts & Sciences)

Richard
    $400 21
Maurice Ravel

Richard
    $400 2
White

Richard
    $400 15
Arthur Hailey

Richard
    $400 7
Auckland

Richard
    $400 12
Red

Richard
    $600 27
[The end-of-round signal sounds.]

the Marianas Trench

Richard
    $600 22
Arturo Toscanini

Richard
    $600 3
(B: What are the eyes?)

Ears

Barbara
Triple Stumper
    $600 16
James Joyce

Kent
    $3,400 8
Managua, Nicaragua

Richard
    $600 13
(R: What is one of these evenings?)
(A: My daughter does Bette better than I do!)

"A Bumpy Night"

Richard
Triple Stumper
    $800 26
Powder Puff Derby

Richard
    $4,600 23
(Richard: If only it were about Czech composers... Who is Brahms?)
...
(Alex: Less than a minute to go in the round.)

Bela Bartok

Richard
    $800 4
Endorphin

Barbara
    $800 17
Maud

Richard
    $800 9
Quezon City

Richard
    $800 19
(K: What is "Whatever Became of Baby Jane?")

Whatever Happened to Baby Jane?

Kent
Triple Stumper
    $1000 25
Dolphin

Kent
    $1000 24
Otto Resphighi

Richard
    $1000 5
Adipose Tissue

Richard
    $1000 18
Eudora Welty

Triple Stumper
    $1000 10
(slight audience applause for running the category)

Kabul, Afghanistan

Richard

Scores at the end of the Double Jeopardy! Round:

Richard Barbara Kent
$10,200 $700 $2,500
(lock game)

[wagering suggestions for these scores]

Final Jeopardy! Round responses

BRITISH HISTORY
BarbaraWhat is derby?
$700
KentWho was (Ascot) Derby
$1
RichardWhat was (Epso Darby) Derby
$4,800
Earl of Derby

Final scores:

Richard Barbara Kent
$15,000 $1,400 $2,501
2-day champion: $25,000 3rd place: "Violets" Lithograph 2nd place: Head Start 3 Desktop Computer

Game dynamics:

Coryat scores:

Richard Barbara Kent
$12,000 $700 $2,500
32 R
(including 1 DD),
4 W
(including 1 DD)
5 R,
2 W
8 R
(including 1 DD),
2 W

Combined Coryat: $15,200

[game clues] [game scores] [suggest correction]

Game tape date: 1989-12-12
The J! Archive is created by fans, for fans. Scraping, republication, monetization, and malicious use prohibited; this site may use cookies and collect identifying information. See terms. The Jeopardy! game show and all elements thereof, including but not limited to copyright and trademark thereto, are the property of Jeopardy Productions, Inc. and are protected under law. This website is not affiliated with, sponsored by, or operated by Jeopardy Productions, Inc. Join the discussion at JBoard.tv.